Регионална библиотека "Любен Каравелов" - Русе

Слънце на нашата трапеза (Запис номер 171856)

MARC детайли
000 -Лидер
Контролно поле с фиксирана дължина nam a22 a 4500
003 - Код на организацията, давaща контролен номер
Контролно поле BLK
005 - Дата и час на последна редакция
Контролно поле 20220222101538.0
008 - Елементи от данни с фиксирана дължина
fixed length control field 180411b bul|||||r ||||||| ||bul||
010 ## - Наследен системен номер
LC control number KNG00180147000
040 ## - Източник на каталожния запис
Идентификатор на билиотеката - собственик на записа BLK
041 ## - Код за език
Код за езика на текст/звукозапис или на отделно заглавие Български
Код за езика КДБФ Български
080 ## - УДК
Текстов определител УДК Градинарството в цялост. Овощарство
УДК код - определител по УДК 634
УДК определител (02.062)
УДК - код + определител 634(02.062)
100 1# - Редна дума - Автор
Автор Петров, Славчо
Авторска отговорност първи автор
R(LIN) 369487
139 ## - Редно поле
Редна дума Петров, Славчо
Авторски знак Петро - П 47
245 10 - Сведения за заглавието
Заглавие Слънце на нашата трапеза
Подзаглавни данни [Овощните растения] : Науч.-попул. очерк
Редно поле (дума) Славчо Петров; * Славчо Петров Попилиев; худож. Крум Шопов.
257 ## - Страна на издаване
Страна на създаване/издаване България
260 ## - Област на издателските данни
Име на издателя, разпространителя и проч. Нар. младеж
Година на издаване 1962
300 ## - Физическа характеристика
Страници 107 с.
Илюстрации и др. с ил.
Размери/Мащаб 25 см
Съпровождащи материали ил. (4 л.)
380 ## - Жанр
Жанр Селско стопанство
490 1# - СЕРИИ (Колекции)
Име на серия Животът около нас
500 ## - Общи забележки
Забележка Пълното име на първия авт. е Славчо Петров Попилиев. - 5 100 тир. - Продължение на кн. Растения, които ни хранят и обличат.
650 #4 - Допълнително описание по предмет – тема
Основно описание – тема или топоним Овощарство
9 (RLIN) 164804
650 #4 - Допълнително описание по предмет – тема
Основно описание – тема или топоним Градинарство
9 (RLIN) 152389
653 ## - Ключова дума – ненормативна
Ключова дума зеленчуци
653 ## - Ключова дума – ненормативна
Ключова дума плодове
653 ## - Ключова дума – ненормативна
Ключова дума овощарство
653 ## - Ключова дума – ненормативна
Ключова дума градинарство
700 1# - Други автори (авторска отговорност)
Лично име Попилиев, Славчо Петров
Автороска отговорност (Описва отношението между автора и произведението) *
9 (RLIN) 307236
700 1# - Други автори (авторска отговорност)
Лично име Шопов, Крум
Автороска отговорност (Описва отношението между автора и произведението) худож.
9 (RLIN) 339072
852 ## - Местоположение
Форматна сигнатура Цб 24754
856 4# - Електронен адрес и достъп
Електронен формат pdf - файл
856 4# - Електронен адрес и достъп
Електронен формат pdf - файл
999 ## - СИСТЕМНИ КОНТРОЛНИ НОМЕРА
Koha biblionumber 171856
Koha biblioitemnumber 171856
942 ## - АРТИКУЛИ
Вид на библиотечния материал Книги
Скрит в OPAC Не
Периодичен библиозапис Да
944 ## - СЪЗДАВАНЕ И РЕДАКЦИЯ на ЗАПИСА
Създаване/Редакция Създаване
Дата на регистрацията/редакция 21.08.2015
Статус, дата на статуса ф /
Служител, извършил регистрацията/редакцията Людмила_Стоянова
944 ## - СЪЗДАВАНЕ И РЕДАКЦИЯ на ЗАПИСА
Създаване/Редакция Редакция
Дата на регистрацията/редакция 2022-02-22
Служител, извършил регистрацията/редакцията Кети Илиева
Наличности
Код за отписване Код за изгубен артикул Източник на класификационната схема Код за повреда Коз за рестрикции Код за отдаване Артикулен № Име на библиотеката - собственик Име на библиотеката, в която се намира в момента Статус (Текущо местоположение) Дата на вписване в системата Местоположение - отдел Цена в лева Инвентарен номер Систематично азбучна сигнатура Баркод Номер на екземпляра Цена в евро Служебна бележка Служебен тип на артикула
  Не е изгубен Universal Decimal Classification Не е повреден без рестрикции ползва се в читалня 292470 Регионална библиотека "Любен Каравелов" Русе Регионална библиотека "Любен Каравелов" Русе Хранилище 1962-01-01 Хранилище 0.36 18456/62 Цб 24754 900000090133 1 0.18 Дост: Dp Вид: Д N: стар фонд Дата: 01.01.1962 Книги
Изтеглен Не е изгубен Universal Decimal Classification Не е повреден без рестрикции заемане за дома 292471 Регионална библиотека "Любен Каравелов" Русе Регионална библиотека "Любен Каравелов" Русе Детски отдел 1962-01-01 Детски отдел 0.36 18834/62 ДН 633/635/П 47 18834/62 2 0.18 Дост: Pk Вид: Ф N: стар фонд Дата: 01.01.1962 Дата инв: 25.08.2015 Бележки инв: Д2015 Книги
Изтеглен Не е изгубен Universal Decimal Classification Не е повреден без рестрикции заемане за дома 292472 Регионална библиотека "Любен Каравелов" Русе Регионална библиотека "Любен Каравелов" Русе Заемна - подръчен фонд 1962-01-01 Заемна - подръчен фонд 0.00 18972/62 П 634/П 47 18972/62 3 0.00 Дост: Pk Вид: Ф N: стар фонд Дата: 01.01.1962 Книги
Vip Innovations Ltd, Rousse, Bulgaria 2025